| 000 | 01309cam a2200241 4500 | ||
|---|---|---|---|
| 001 | WB3931-19 | ||
| 008 | 030815n2003 000 0 eng u | ||
| 035 | _a(Sirsi) u123282 | ||
| 245 | _aBuy-to-let is a long term investment | ||
| 260 | _c2003 | ||
| 490 |
_aAssociation of Residential Letting Agents Press Release _v 21 July 2003 (3) |
||
| 520 | _aThe results of the ARLA buy-to-let survey, conducted through its website, show that more than three-quarters of all buy-to-let investors are investing for the long-term. Two-thirds plan to retain properties for more than 10 years and a fifth claim the average life expectancy of their property investment is over 20 years. More than a quarter of these investors are aged between 25 and 35, but those between 35 and 45 accounted for 37%. Further information is available from t +44 (0)1923 896555. Copies of the survey are available to download from http://www.arla.co.uk. http://www.arla.co.uk/news/210703.htm | ||
| 590 | _aWB | ||
| 650 | _aBUY-TO-LET | ||
| 650 | _aINVESTMENT MARKET | ||
| 650 | _aPROPERTY-RESIDENTIAL PROPERTY-ACQUISITION AND DISPOSAL OF RESIDENTIAL PROPERTY | ||
| 650 | _aARLA | ||
| 650 | _aASSOCIATION OF RESIDENTIAL LETTING AGENTS | ||
| 650 | _aSURVEYS | ||
| 650 | _aPROPERTY INVESTMENT | ||
| 690 | _aHOUSING | ||
| 942 | _n0 | ||
| 999 |
_c73228 _d73228 |
||